[Event "4NCL"]
[Site "Barcelo Hotel, Hinckley Island"]
[Date "2011.05.01"]
[Round "10.33"]
[White "Tozer, Philip AA"]
[Black "Dunn, Andrew"]
[Result "1-0"]
[WhiteElo "2151"]
[BlackElo "2215"]
[PlyCount "119"]
[EventDate "2011.??.??"]
[WhiteTeam "Anglian Avengers 1"]
[BlackTeam "Poisoned Pawns 1"]

1. g3 e5 2. c4 Nf6 3. Bg2 d5 4. cxd5 Nxd5 5. Nc3 Nb6 6. Nf3 Nc6 7. O-O Be7 8.
a3 Be6 9. b4 Nd4 10. Rb1 Nxf3+ 11. Bxf3 Rb8 12. d3 O-O 13. Qc2 f5 14. Bb2 Qd7
15. Ba1 c6 16. Na4 Nxa4 17. Qxa4 Bf6 18. Qxa7 Bd5 19. Bxd5+ Qxd5 20. Rfc1 Qa2
21. Rb2 Qf7 22. Rbc2 Ra8 23. Qc5 Rxa3 24. Bxe5 Bxe5 25. Qxe5 Rb3 26. Qf4 Ra8
27. Rc5 g6 28. h4 Rb2 29. b5 Rxb5 30. Rxb5 cxb5 31. Qd6 Re8 32. Rc7 Re6 33.
Rxf7 Rxd6 34. Rxb7 Rd5 35. Kg2 h6 36. Kf3 g5 37. hxg5 hxg5 38. g4 Kf8 39. gxf5
Rxf5+ 40. Kg3 Ke8 41. e4 Re5 42. Kf3 Rc5 43. Ke3 g4 44. Rg7 Rc2 45. Rxg4 b4 46.
Rg7 b3 47. Rb7 b2 48. f4 Kd8 49. d4 Kc8 50. Rb4 Kc7 51. Kd3 Rf2 52. f5 Kc6 53.
f6 Rf3+ 54. Kc2 Rxf6 55. Rxb2 Rf1 56. Kd3 Re1 57. d5+ Kc7 58. Kd4 Rd1+ 59. Ke5
Rh1 60. Rf2 1-0

[Event "4NCL"]
[Site "Barcelo Hotel, Hinckley Island"]
[Date "2011.05.01"]
[Round "10.34"]
[White "McEwan, Ken B"]
[Black "Player, Edmund C"]
[Result "1/2-1/2"]
[WhiteElo "2139"]
[BlackElo "2179"]
[PlyCount "90"]
[EventDate "2011.??.??"]
[WhiteTeam "Poisoned Pawns 1"]
[BlackTeam "Anglian Avengers 1"]

1. d4 d5 2. c4 dxc4 3. e4 Nf6 4. Nc3 Nc6 5. e5 Nd5 6. Bxc4 Nb6 7. Bb5 a6 8.
Bxc6+ bxc6 9. Nge2 Bf5 10. O-O e6 11. Ng3 Bg6 12. Be3 c5 13. Na4 c4 14. Nc5
Bxc5 15. dxc5 Qxd1 16. Rfxd1 Nd5 17. Bd4 O-O-O 18. Rac1 Bd3 19. a3 Ne7 20. Be3
Rd5 21. f4 Rhd8 22. Kf2 g6 23. Rc3 Nc6 24. b3 cxb3 25. Rxb3 Bc2 26. Rxd5 Bxb3
27. Rxd8+ Kxd8 28. Ne4 Ke7 29. g4 Bd5 30. Nf6 Na5 31. Nxh7 Nc4 32. Bc1 a5 33.
h4 a4 34. h5 gxh5 35. gxh5 f5 36. Nf6 Bc6 37. h6 Kf7 38. Kg3 Kg6 39. h7 Kg7 40.
Kf2 Bb5 41. Ke1 Na5 42. Kd2 Nb3+ 43. Kc2 Nxc5 44. Kc3 Ne4+ 45. Kb4 Bc6 1/2-1/2

[Event "4NCL"]
[Site "Barcelo Hotel, Hinckley Island"]
[Date "2011.05.01"]
[Round "10.35"]
[White "Spence, David J"]
[Black "Rosen, Daniel B"]
[Result "1-0"]
[WhiteElo "2207"]
[BlackElo "2125"]
[PlyCount "71"]
[EventDate "2011.??.??"]
[WhiteTeam "Anglian Avengers 1"]
[BlackTeam "Poisoned Pawns 1"]

1. e4 g6 2. d4 Bg7 3. Nc3 d6 4. Bg5 Nd7 5. Qd2 c5 6. d5 h6 7. Be3 Qa5 8. Be2
Ngf6 9. f4 a6 10. Nh3 Nb6 11. Nf2 Na4 12. Nxa4 Qxa4 13. Bf3 Qb5 14. c3 Nd7 15.
Be2 Qa5 16. O-O Qc7 17. Bd3 b6 18. a4 Bb7 19. Qe2 O-O 20. Qg4 Rae8 21. Rae1 e6
22. dxe6 Rxe6 23. Qh3 Rfe8 24. f5 gxf5 25. exf5 R6e7 26. Ng4 Qc6 27. Nxh6+ Kf8
28. f6 Nxf6 29. Nf5 Rxe3 30. Rxe3 Rxe3 31. Nxe3 Nd7 32. Bc4 Ne5 33. Bd5 Qc7 34.
Bxb7 Qxb7 35. Nf5 Qc6 36. Qh7 1-0

[Event "4NCL"]
[Site "Barcelo Hotel, Hinckley Island"]
[Date "2011.05.01"]
[Round "10.36"]
[White "Kemp, Paul R"]
[Black "Gregory, Stephen J"]
[Result "1/2-1/2"]
[WhiteElo "2108"]
[BlackElo "2099"]
[PlyCount "71"]
[EventDate "2011.??.??"]
[WhiteTeam "Poisoned Pawns 1"]
[BlackTeam "Anglian Avengers 1"]

1. e4 d6 2. d4 Nf6 3. Nc3 g6 4. f4 Bg7 5. Nf3 c5 6. dxc5 Qa5 7. Bd3 Qxc5 8. Qe2
O-O 9. Be3 Qa5 10. O-O Bg4 11. h3 Bxf3 12. Qxf3 Nc6 13. a3 a6 14. Qf2 Nd7 15.
b4 Qd8 16. Qe1 Rc8 17. Bd2 b5 18. Rd1 Nb6 19. Nd5 Na4 20. Kh1 e6 21. Ne3 f5 22.
Rb1 fxe4 23. Bxe4 d5 24. Bd3 Qd6 25. Qh4 Nd4 26. Ng4 Nf5 27. Bxf5 exf5 28. Ne5
Rxc2 29. Be3 Nc3 30. Bc5 Qd8 31. Be7 Qe8 32. Rbc1 Rxc1 33. Rxc1 Bxe5 34. fxe5
Rf7 35. Rxc3 Rxe7 36. Rc8 1/2-1/2

[Event "4NCL"]
[Site "Barcelo Hotel, Hinckley Island"]
[Date "2011.05.01"]
[Round "10.37"]
[White "Gray, Mark S"]
[Black "Goodger, Martyn"]
[Result "1/2-1/2"]
[WhiteElo "2084"]
[BlackElo "2096"]
[PlyCount "43"]
[EventDate "2011.??.??"]
[WhiteTeam "Anglian Avengers 1"]
[BlackTeam "Poisoned Pawns 1"]

1. e4 d5 2. exd5 Qxd5 3. Nf3 Bg4 4. Be2 Nc6 5. d4 O-O-O 6. Be3 e5 7. c4 Qa5+ 8.
Bd2 Bb4 9. d5 Bxd2+ 10. Nbxd2 Bxf3 11. Bxf3 Nd4 12. O-O f6 13. a3 Nxf3+ 14.
Nxf3 Ne7 15. b4 Qa6 16. Qb3 c6 17. dxc6 Qxc6 18. Rfd1 Rxd1+ 19. Rxd1 Rd8 20. c5
Rxd1+ 21. Qxd1 Qd7 22. Qc2 1/2-1/2

[Event "4NCL"]
[Site "Barcelo Hotel, Hinckley Island"]
[Date "2011.05.01"]
[Round "10.41"]
[White "Jones, Richard S"]
[Black "Rutter, Nick J"]
[Result "1-0"]
[WhiteElo "2369"]
[BlackElo "2191"]
[PlyCount "87"]
[EventDate "2011.??.??"]
[WhiteTeam "Rhyfelwyr Essyllwg"]
[BlackTeam "Wessex 1"]

1. e4 c5 2. Nf3 Nc6 3. d4 cxd4 4. Nxd4 Nf6 5. Nc3 e5 6. Ndb5 d6 7. Bg5 a6 8.
Na3 b5 9. Bxf6 gxf6 10. Nd5 f5 11. c3 Bg7 12. Bd3 Be6 13. Nxb5 axb5 14. Bxb5
Bd7 15. exf5 e4 16. Qg4 Kf8 17. Qf4 Ne5 18. Be2 Bc6 19. Nb4 Rb8 20. O-O Rxb4
21. cxb4 Rg8 22. b5 Ba8 23. Qe3 Nf3+ 24. Bxf3 exf3 25. g3 h5 26. Rad1 Bf6 27.
Qh6+ Rg7 28. Qh8+ Rg8 29. Qh6+ Rg7 30. Qxh5 Kg8 31. Rfe1 Rg5 32. Qh6 d5 33. Re3
d4 34. Ra3 Rxf5 35. b6 Bb7 36. Ra7 Qxb6 37. Re1 Bc6 38. Ra8+ Bd8 39. Rc8 Qa5
40. b4 Re5 41. Rxe5 Qxe5 42. Rxd8+ Be8 43. Qd2 Qe6 44. h3 1-0

[Event "4NCL"]
[Site "Barcelo Hotel, Hinckley Island"]
[Date "2011.05.01"]
[Round "10.42"]
[White "Yeo, Michael J"]
[Black "Brown, Tom"]
[Result "0-1"]
[WhiteElo "2172"]
[BlackElo "2070"]
[PlyCount "78"]
[EventDate "2011.??.??"]
[WhiteTeam "Wessex 1"]
[BlackTeam "Rhyfelwyr Essyllwg"]

1. e4 c6 2. d4 d5 3. e5 Bf5 4. h4 h5 5. c4 e6 6. Nc3 Ne7 7. Nge2 dxc4 8. Ng3 b5
9. Be2 Bg6 10. O-O Nd5 11. Bg5 Be7 12. Nce4 f6 13. Bd2 Nd7 14. f4 Qb6 15. Bc1
fxe5 16. fxe5 Nxe5 17. Ng5 Kd7 18. Bxh5 Bxh5 19. Nxh5 Rxh5 20. Qxh5 Qxd4+ 21.
Kh1 Nf6 22. Qe2 Qxh4+ 23. Nh3 Ne4 24. Bf4 Qxf4 25. Rxf4 Ng3+ 26. Kh2 Nxe2 27.
Re4 Nd3 28. Rxe2 Kc7 29. Rd1 Rd8 30. g3 Bf6 31. Rxe6 Nxb2 32. Rxd8 Bxd8 33. Nf4
Nd3 34. Rg6 Bf6 35. Ne6+ Kc8 36. Nxg7 Bxg7 37. Rxg7 c3 38. Rg8+ Kc7 39. Rg7+
Kb6 0-1

[Event "4NCL"]
[Site "Barcelo Hotel, Hinckley Island"]
[Date "2011.05.01"]
[Round "10.43"]
[White "Morris, Gareth L"]
[Black "Lock, Gavin R"]
[Result "0-1"]
[WhiteElo "2131"]
[BlackElo "2192"]
[PlyCount "90"]
[EventDate "2011.??.??"]
[WhiteTeam "Rhyfelwyr Essyllwg"]
[BlackTeam "Wessex 1"]

1. d4 d5 2. c4 c6 3. Nf3 Nf6 4. Nc3 dxc4 5. a4 Bf5 6. Ne5 Nbd7 7. Nxc4 Nb6 8.
Ne5 a5 9. f3 Nfd7 10. e4 Nxe5 11. exf5 Ned7 12. Be3 g6 13. Qc2 Nf6 14. Rd1 Nfd5
15. Bf2 Bg7 16. fxg6 hxg6 17. Ne4 Bh6 18. Qb3 Qc7 19. g3 O-O 20. f4 Nc8 21. h4
Nd6 22. Ng5 Qb6 23. Qxb6 Nxb6 24. b3 Nd5 25. Bd3 Rfe8 26. Nf3 Nc3 27. Rc1 Nce4
28. h5 gxh5 29. Rxh5 Bg7 30. Ne5 Red8 31. g4 Nxf2 32. Kxf2 Ne8 33. Ke3 Nf6 34.
Rh4 Nd5+ 35. Kf3 Nb4 36. Bc4 e6 37. Ke4 Rd6 38. Rhh1 Rad8 39. Nf3 Bxd4 40. f5
exf5+ 41. Kxf5 Rf6+ 42. Ke4 Bb2 43. Ne5 Re8 44. Rh5 Bxc1 45. g5 Rf4# 0-1

[Event "4NCL"]
[Site "Barcelo Hotel, Hinckley Island"]
[Date "2011.05.01"]
[Round "10.44"]
[White "Simons, Martin J"]
[Black "Spice, Alan P"]
[Result "1-0"]
[WhiteElo "2186"]
[BlackElo "2136"]
[PlyCount "103"]
[EventDate "2011.??.??"]
[WhiteTeam "Wessex 1"]
[BlackTeam "Rhyfelwyr Essyllwg"]

1. e4 e6 2. d3 b5 3. a4 b4 4. g3 Bb7 5. Bg2 c5 6. Nf3 d6 7. O-O Nf6 8. Nbd2 Be7
9. Nc4 Nc6 10. Re1 O-O 11. b3 Qc7 12. Bb2 Nd7 13. d4 e5 14. dxc5 dxc5 15. Ne3
Nd4 16. Nd5 Qd6 17. Nd2 Bd8 18. Nc4 Qe6 19. Bxd4 exd4 20. Qh5 Nb6 21. Bh3 Qg6
22. Qxg6 hxg6 23. Ncxb6 axb6 24. Bf1 Re8 25. Bc4 g5 26. f3 Re5 27. Re2 Rc8 28.
Rf1 Rc6 29. Kf2 Rce6 30. Ke1 Bc6 31. g4 g6 32. Kf2 Kg7 33. Rfe1 f5 34. exf5
Rxe2+ 35. Rxe2 Rxe2+ 36. Kxe2 gxf5 37. gxf5 Bb7 38. Kd3 Bc6 39. Ke4 Bc7 40. h3
Bg3 41. Bb5 Bb7 42. Bd7 Bc7 43. Be6 Bd8 44. Ke5 Bc6 45. f6+ Kf8 46. Kf5 b5 47.
axb5 Bxb5 48. Kxg5 d3 49. cxd3 Bxd3 50. Nf4 Bc2 51. h4 Bc7 52. Ng6+ 1-0

[Event "4NCL"]
[Site "Barcelo Hotel, Hinckley Island"]
[Date "2011.05.01"]
[Round "10.46"]
[White "de Coverly, Roger D"]
[Black "Smith, Olivia"]
[Result "0-1"]
[WhiteElo "2068"]
[BlackElo "2004"]
[PlyCount "106"]
[EventDate "2011.??.??"]
[WhiteTeam "Wessex 1"]
[BlackTeam "Rhyfelwyr Essyllwg"]

1. d4 Nf6 2. Nf3 d5 3. c4 dxc4 4. e3 Bg4 5. Bxc4 e6 6. Qb3 Nbd7 7. Nbd2 Nb6 8.
Bd3 Be7 9. Ne5 O-O 10. Nxg4 Nxg4 11. h3 Nf6 12. O-O c5 13. Nf3 Rc8 14. dxc5
Bxc5 15. Rd1 Qe7 16. Bd2 e5 17. Bf5 Rcd8 18. Bc3 g6 19. Bc2 Bd6 20. e4 Nfd7 21.
a4 Nc5 22. Qa2 Na6 23. a5 Nd7 24. Qc4 Bb4 25. Ba4 Bxc3 26. Qxc3 Ndc5 27. Rxd8
Rxd8 28. Bc2 f6 29. b4 Ne6 30. Bb3 Nac7 31. Rc1 Kf8 32. Qe3 Nb5 33. Bxe6 Qxe6
34. Qc5+ Nd6 35. Qxa7 Rc8 36. Rxc8+ Qxc8 37. Qc5 Qxc5 38. bxc5 Nc4 39. Kf1 Nxa5
40. Nd2 Ke7 41. Ke2 Kd7 42. f4 Kc6 43. fxe5 fxe5 44. Nf3 Nc4 45. Ng5 Kxc5 46.
Nxh7 Kd4 47. Nf8 b5 48. Nxg6 b4 49. Kd1 b3 50. Ne7 Kxe4 51. h4 Kd3 52. Nd5 Ne3+
53. Nxe3 b2 0-1

[Event "4NCL"]
[Site "Barcelo Hotel, Hinckley Island"]
[Date "2011.05.01"]
[Round "10.47"]
[White "Davies, Matthew"]
[Black "Jenks, Bruce"]
[Result "0-1"]
[WhiteElo "1986"]
[BlackElo "2123"]
[PlyCount "54"]
[EventDate "2011.??.??"]
[WhiteTeam "Rhyfelwyr Essyllwg"]
[BlackTeam "Wessex 1"]

1. d4 Nf6 2. c4 c5 3. d5 b5 4. cxb5 a6 5. bxa6 Bxa6 6. Nc3 g6 7. e4 Bxf1 8.
Kxf1 d6 9. Nf3 Nbd7 10. h3 Bg7 11. Kg1 O-O 12. Kh2 Qa5 13. Qc2 Rfb8 14. Bd2 Ne8
15. Nd1 Qa4 16. b3 Rxb3 17. axb3 Qxa1 18. Bc3 Qa2 19. Qxa2 Rxa2 20. Bxg7 Kxg7
21. Re1 f6 22. Kg3 Kf7 23. Nc3 Rc2 24. Na4 Ng7 25. Ng1 Nh5+ 26. Kf3 Ne5+ 27.
Ke3 Nf4 0-1

[Event "4NCL"]
[Site "Barcelo Hotel, Hinckley Island"]
[Date "2011.05.01"]
[Round "10.48"]
[White "McGiff, Aidan Y"]
[Black "Blackburn, Suzy G"]
[Result "1/2-1/2"]
[WhiteElo "1725"]
[BlackElo "1944"]
[PlyCount "44"]
[EventDate "2011.??.??"]
[WhiteTeam "Wessex 1"]
[BlackTeam "Rhyfelwyr Essyllwg"]

1. e4 e6 2. d4 d5 3. exd5 exd5 4. Bd3 Bd6 5. Nc3 c6 6. Nge2 Ne7 7. Bg5 f6 8.
Be3 O-O 9. Ng3 f5 10. f4 Ng6 11. O-O Qf6 12. Qf3 Be6 13. Rae1 Nd7 14. Nb1 Qf7
15. Nd2 Nf6 16. Ne2 Ne4 17. Qh3 Ne7 18. Nf3 Rac8 19. c3 Kh8 20. Qh4 Ng6 21. Qh3
Rce8 22. Kh1 h6 1/2-1/2

[Event "4NCL"]
[Site "Barcelo Hotel, Hinckley Island"]
[Date "2011.05.01"]
[Round "10.52"]
[White "Gayson, Peter M"]
[Black "Kwiatkowski, Feliks J"]
[Result "1/2-1/2"]
[WhiteElo "2173"]
[BlackElo "2235"]
[PlyCount "32"]
[EventDate "2011.??.??"]
[WhiteTeam "White Rose 2"]
[BlackTeam "Kings Head"]

1. e4 c5 2. Nf3 Nc6 3. d4 cxd4 4. Nxd4 Nf6 5. Nc3 e5 6. Ndb5 d6 7. Bg5 a6 8.
Na3 b5 9. Nd5 Be7 10. Bxf6 Bxf6 11. c3 O-O 12. Nc2 Rb8 13. Be2 a5 14. a3 Bg5
15. O-O Be6 16. Nce3 Bxe3 1/2-1/2

[Event "4NCL"]
[Site "Barcelo Hotel, Hinckley Island"]
[Date "2011.05.01"]
[Round "10.53"]
[White "Thomas, Rik H"]
[Black "Adams, David M"]
[Result "1/2-1/2"]
[WhiteElo "2197"]
[BlackElo "2211"]
[PlyCount "28"]
[EventDate "2011.??.??"]
[WhiteTeam "Kings Head"]
[BlackTeam "White Rose 2"]

1. Nf3 d5 2. d4 Nc6 3. Bf4 Bg4 4. e3 e6 5. c4 Bd6 6. Bxd6 Qxd6 7. Nc3 Nf6 8.
cxd5 exd5 9. Be2 O-O 10. O-O Rfe8 11. a3 a6 12. h3 Bh5 13. Re1 h6 14. Rc1 Bg6
1/2-1/2

[Event "4NCL"]
[Site "Barcelo Hotel, Hinckley Island"]
[Date "2011.05.01"]
[Round "10.54"]
[White "Arnott, Jonathan W"]
[Black "Mackenzie, Colin"]
[Result "1/2-1/2"]
[WhiteElo "2177"]
[BlackElo "2118"]
[PlyCount "54"]
[EventDate "2011.??.??"]
[WhiteTeam "White Rose 2"]
[BlackTeam "Kings Head"]

1. e4 e6 2. d4 d5 3. Nc3 Bb4 4. exd5 exd5 5. Bd3 Nf6 6. a3 Bxc3+ 7. bxc3 O-O 8.
Ne2 Bg4 9. O-O c5 10. dxc5 Nbd7 11. Be3 Qe7 12. h3 Bxe2 13. Bxe2 Nxc5 14. Qd4
b6 15. Rfe1 Ne6 16. Qh4 Qc7 17. c4 d4 18. Bd2 Rfe8 19. Rab1 Nc5 20. Bf3 Rac8
21. Bf4 Qd8 22. Rxe8+ Nxe8 23. Bg5 Nf6 24. Bd5 Ne6 25. Bxf6 Qxf6 26. Qxf6 gxf6
27. Rd1 Nf4 1/2-1/2

[Event "4NCL"]
[Site "Barcelo Hotel, Hinckley Island"]
[Date "2011.05.01"]
[Round "10.55"]
[White "Gilfillan, Andrew"]
[Black "Shaw, Peter"]
[Result "0-1"]
[WhiteElo "1978"]
[BlackElo "2164"]
[PlyCount "134"]
[EventDate "2011.??.??"]
[WhiteTeam "Kings Head"]
[BlackTeam "White Rose 2"]

1. e4 c6 2. d4 d5 3. e5 Bf5 4. Nf3 e6 5. Be2 c5 6. c3 Nc6 7. O-O cxd4 8. cxd4
Nge7 9. a3 Nc8 10. Nc3 Be7 11. Be3 Nb6 12. b3 O-O 13. Qd2 Rc8 14. Rfc1 a6 15.
Ne1 f6 16. f4 fxe5 17. fxe5 Nd7 18. Nf3 Bg4 19. Nd1 Qe8 20. Nf2 Bf5 21. Bg5 h6
22. Bxe7 Qxe7 23. Nd3 Be4 24. Nf2 Bg6 25. Rc3 Na7 26. Nd3 Rxc3 27. Qxc3 Rc8 28.
Qb2 Be4 29. b4 Bxd3 30. Bxd3 Nb6 31. Rc1 Rxc1+ 32. Qxc1 Nc4 33. Bb1 Nc6 34. Qc2
Qf7 35. Qd3 g5 36. Nd2 Nxd2 37. Qxd2 Qf4 38. Qc2 Qxd4+ 39. Kh1 Qxe5 40. Qh7+
Kf8 41. Qxh6+ Ke7 42. Qh7+ Kd6 43. h3 Ne7 44. Qc2 Qe3 45. Kh2 Nf5 46. Ba2 Qxa3
47. Qd2 Qg3+ 48. Kh1 Ne3 49. Kg1 g4 50. h4 Nf5 51. h5 Qh4 52. Qf4+ Kd7 53. g3
Qxh5 54. Bb3 Qh6 55. Ba4+ b5 56. Qxh6 Nxh6 57. Bd1 Kd6 58. Kf2 Ke5 59. Ke3 Nf5+
60. Kf2 Kd4 61. Bxg4 Kc3 62. Bf3 Nxg3 63. Kxg3 Kxb4 64. Kf4 Kc5 65. Ke5 b4 66.
Kxe6 d4 67. Ke5 d3 0-1

[Event "4NCL"]
[Site "Barcelo Hotel, Hinckley Island"]
[Date "2011.05.01"]
[Round "10.57"]
[White "Bruin, Randolf W"]
[Black "Birkin, Mark H"]
[Result "0-1"]
[WhiteElo "2009"]
[BlackElo "1895"]
[PlyCount "32"]
[EventDate "2011.??.??"]
[WhiteTeam "Kings Head"]
[BlackTeam "White Rose 2"]

1. Nf3 e6 2. d4 f5 3. c4 Nf6 4. Nc3 Be7 5. g3 O-O 6. Bg2 d6 7. O-O a5 8. Qc2
Nc6 9. e4 Nb4 10. Qb1 fxe4 11. Nxe4 Nxe4 12. Qxe4 e5 13. a3 Bf5 14. Qxb7 Rb8
15. Qa7 Nc6 16. Qa6 Rb6 0-1

[Event "4NCL"]
[Site "Barcelo Hotel, Hinckley Island"]
[Date "2011.05.01"]
[Round "10.61"]
[White "Webb, Richard M"]
[Black "Cooper, John G"]
[Result "1/2-1/2"]
[WhiteElo "2268"]
[BlackElo "2363"]
[PlyCount "29"]
[EventDate "2011.??.??"]
[WhiteTeam "AMCA Dragons"]
[BlackTeam "South Wales Dragons"]

1. e4 e6 2. d4 d5 3. exd5 exd5 4. Bd3 c5 5. Nf3 c4 6. Be2 Bd6 7. O-O Ne7 8. b3
cxb3 9. axb3 O-O 10. c4 Nbc6 11. Nc3 Bg4 12. c5 Bc7 13. Ra4 a5 14. Nb5 Re8 15.
h3 1/2-1/2

[Event "4NCL"]
[Site "Barcelo Hotel, Hinckley Island"]
[Date "2011.05.01"]
[Round "10.62"]
[White "Zeidler, Sven P"]
[Black "Coates, Kenneth G"]
[Result "0-1"]
[WhiteElo "2247"]
[BlackElo "2199"]
[PlyCount "60"]
[EventDate "2011.??.??"]
[WhiteTeam "South Wales Dragons"]
[BlackTeam "AMCA Dragons"]

1. e4 d5 2. exd5 Qxd5 3. Nc3 Qd6 4. d4 Nf6 5. Nf3 Bg4 6. h3 Bh5 7. g4 Bg6 8.
Ne5 Nbd7 9. Nxg6 hxg6 10. Qf3 c6 11. Be3 e6 12. O-O-O Be7 13. Bf4 Qb4 14. h4
Nb6 15. a3 Qa5 16. Bd2 Nbd5 17. Ne4 Qb6 18. g5 Nxe4 19. Qxe4 c5 20. Rh3 O-O-O
21. Bg2 c4 22. Bf1 Qc6 23. Qe2 b5 24. a4 a6 25. Qf3 Rdf8 26. axb5 axb5 27. b3
Kd7 28. Kb2 Ra8 29. b4 Qa6 30. Rb1 c3+ 0-1

[Event "4NCL"]
[Site "Barcelo Hotel, Hinckley Island"]
[Date "2011.05.01"]
[Round "10.63"]
[White "Holland, James P"]
[Black "Morris, Charles F"]
[Result "1-0"]
[WhiteElo "2110"]
[BlackElo "2188"]
[PlyCount "85"]
[EventDate "2011.??.??"]
[WhiteTeam "AMCA Dragons"]
[BlackTeam "South Wales Dragons"]

1. Nf3 d5 2. g3 c5 3. Bg2 Nc6 4. d4 Nf6 5. O-O e6 6. c4 dxc4 7. Qa4 Bd7 8. Qxc4
Qb6 9. dxc5 Qxc5 10. Qb3 Qb4 11. Qc2 Rc8 12. Nc3 Qc4 13. Bg5 Nd5 14. Rac1 Nxc3
15. Qxc3 Qxc3 16. Rxc3 Bb4 17. Rd3 f6 18. Rfd1 Nb8 19. Bd2 Be7 20. Bh3 e5 21.
Rxd7 Nxd7 22. Ba5 Nb6 23. Bxb6 Rc2 24. Bxa7 Rxb2 25. Be6 b6 26. e3 Bc5 27. Rd7
Rxa2 28. Rb7 Ra1+ 29. Kg2 Rf8 30. Nd2 Rd1 31. Ne4 Be7 32. Bxb6 f5 33. Bb3 Rd3
34. Ba4+ Kf7 35. Ng5+ Kg6 36. Rxe7 Kxg5 37. Rxe5 g6 38. h4+ Kh6 39. Re7 Rd2 40.
Bc7 g5 41. Be8 f4 42. exf4 gxf4 43. g4 1-0

[Event "4NCL"]
[Site "Barcelo Hotel, Hinckley Island"]
[Date "2011.05.01"]
[Round "10.64"]
[White "Redmond, John P"]
[Black "Galliano, Alexander"]
[Result "1-0"]
[WhiteElo "2194"]
[BlackElo "2102"]
[PlyCount "81"]
[EventDate "2011.??.??"]
[WhiteTeam "South Wales Dragons"]
[BlackTeam "AMCA Dragons"]

1. c4 e5 2. Nc3 Nf6 3. Nf3 d6 4. d4 Nbd7 5. g3 g6 6. Bg2 Bg7 7. O-O O-O 8. e3
a5 9. b3 Re8 10. Qc2 c6 11. Ba3 Qc7 12. Rac1 exd4 13. exd4 Nf8 14. Qd2 Ng4 15.
Rcd1 Bh6 16. Qb2 Bd7 17. h3 Nf6 18. Rfe1 b5 19. cxb5 cxb5 20. b4 Rac8 21. Nb1
a4 22. Rxe8 Nxe8 23. Nbd2 Be6 24. Ne1 Bg7 25. Qb1 Bxd4 26. Ndf3 Bf6 27. Bb2
Bxb2 28. Qxb2 Qc3 29. Qxc3 Rxc3 30. Nd4 Bd7 31. Bf1 Nc7 32. Rd2 Rc1 33. Nd3 Ra1
34. Kg2 Bxh3+ 35. Kxh3 Rxf1 36. Rc2 Nfe6 37. Kg2 Rd1 38. Nxe6 Nxe6 39. Nb2 a3
40. Nxd1 Nd4 41. Rd2 1-0

[Event "4NCL"]
[Site "Barcelo Hotel, Hinckley Island"]
[Date "2011.05.01"]
[Round "10.65"]
[White "Bridge, Neil A"]
[Black "James, David J"]
[Result "0-1"]
[WhiteElo "2114"]
[BlackElo "2126"]
[PlyCount "116"]
[EventDate "2011.??.??"]
[WhiteTeam "AMCA Dragons"]
[BlackTeam "South Wales Dragons"]

1. d4 Nf6 2. c4 e6 3. Nc3 Bb4 4. Qc2 d5 5. a3 Bxc3+ 6. Qxc3 O-O 7. Nf3 c6 8. e3
Nbd7 9. Bd3 b6 10. O-O Bb7 11. b4 c5 12. Bb2 Rc8 13. Qb3 dxc4 14. Bxc4 Qc7 15.
Rac1 Ng4 16. e4 Bxe4 17. Ne5 Ngxe5 18. dxe5 Rfd8 19. Qe3 Qb7 20. f3 Bg6 21. b5
Nf8 22. Bc3 Qe7 23. g3 Rd7 24. Rfd1 Rcd8 25. Rxd7 Rxd7 26. Kf2 h6 27. h4 Bh7
28. Rh1 Qd8 29. Ke2 Ng6 30. g4 Ne7 31. h5 Nd5 32. Bxd5 Rxd5 33. Qf4 Bd3+ 34.
Kf2 Bxb5 35. g5 Qxg5 36. Qxg5 hxg5 37. Rc1 Kh7 38. Rc2 Kh6 39. Rd2 Rxd2+ 40.
Bxd2 Kxh5 41. Bc3 Kg6 42. Ke3 Kf5 43. Bb2 f6 44. Bc3 fxe5 45. Bb2 g6 46. Bc3
Bc6 47. Bb2 e4 48. fxe4+ Bxe4 49. Bc3 a5 50. Be1 a4 51. Bg3 e5 52. Be1 g4 53.
Bg3 b5 54. Be1 g3 55. Bxg3 b4 56. Be1 bxa3 57. Bc3 g5 58. Kf2 Bd5 0-1

[Event "4NCL"]
[Site "Barcelo Hotel, Hinckley Island"]
[Date "2011.05.01"]
[Round "10.66"]
[White "Jameson, David"]
[Black "Purdon, Colin"]
[Result "1-0"]
[WhiteElo "2088"]
[BlackElo "2074"]
[PlyCount "46"]
[EventDate "2011.??.??"]
[WhiteTeam "South Wales Dragons"]
[BlackTeam "AMCA Dragons"]

1. d4 d5 2. c4 c6 3. Nf3 Nf6 4. Nc3 dxc4 5. a4 c5 6. d5 Bf5 7. a5 a6 8. Bg5 Ne4
9. Qa4+ Qd7 10. Qxc4 Nxc3 11. bxc3 e6 12. Rd1 Bd6 13. e4 Bg4 14. e5 Bxf3 15.
dxe6 Qxe6 16. Qxe6+ fxe6 17. Rxd6 Nc6 18. gxf3 O-O 19. Rxe6 Nxa5 20. Be2 b5 21.
O-O Rf5 22. Be3 Kf7 23. Rb6 Nb3 1-0

[Event "4NCL"]
[Site "Barcelo Hotel, Hinckley Island"]
[Date "2011.05.01"]
[Round "10.67"]
[White "Taylor, Mark V"]
[Black "Roberts, David L"]
[Result "1/2-1/2"]
[WhiteElo "2138"]
[BlackElo "2077"]
[PlyCount "59"]
[EventDate "2011.??.??"]
[WhiteTeam "AMCA Dragons"]
[BlackTeam "South Wales Dragons"]

1. d4 Nf6 2. c4 g6 3. Nc3 Bg7 4. e4 d6 5. Nf3 O-O 6. Be2 e5 7. O-O Nc6 8. d5
Ne7 9. b4 Nh5 10. Re1 f5 11. Ng5 Nf6 12. Bf3 fxe4 13. Ncxe4 Nxe4 14. Bxe4 Nf5
15. Nf3 a5 16. bxa5 Rxa5 17. Bd2 Ra8 18. a4 Nh4 19. Ra3 Bg4 20. a5 Qd7 21. g3
Nxf3+ 22. Bxf3 Bxf3 23. Rxf3 Rxf3 24. Qxf3 Qa4 25. Qe4 Qa2 26. Re2 Qb3 27. Kg2
b6 28. axb6 Qxb6 29. Qg4 Rf8 30. Be3 1/2-1/2

[Event "4NCL"]
[Site "Barcelo Hotel, Hinckley Island"]
[Date "2011.05.01"]
[Round "10.68"]
[White "Wilson, Julie C"]
[Black "Hart, David PO"]
[Result "0-1"]
[WhiteElo "1898"]
[BlackElo "2018"]
[PlyCount "88"]
[EventDate "2011.??.??"]
[WhiteTeam "South Wales Dragons"]
[BlackTeam "AMCA Dragons"]

1. d4 Nf6 2. c4 e6 3. Nf3 b6 4. Bf4 Bb7 5. e3 Be7 6. h3 O-O 7. Nc3 c5 8. d5
exd5 9. cxd5 d6 10. Bd3 Na6 11. e4 Nc7 12. O-O b5 13. Re1 a6 14. Ne2 Nh5 15.
Bh2 f5 16. exf5 Bxd5 17. Nc3 Bf7 18. Be4 Ra7 19. Nd5 Ne8 20. Qd2 Nhf6 21. Nxe7+
Rxe7 22. Bc2 d5 23. Ne5 Nd6 24. Rad1 Rfe8 25. Nxf7 Kxf7 26. Bf4 Nde4 27. Bxe4
Rxe4 28. Bg5 Rxe1+ 29. Rxe1 Rxe1+ 30. Qxe1 Qe7 31. Qxe7+ Kxe7 32. f3 h6 33. Bf4
d4 34. Kf2 d3 35. Bd2 Nd5 36. f4 c4 37. a3 Kd6 38. Kf3 Nf6 39. g4 Kd5 40. Ke3
Ne4 41. h4 Nxd2 42. Kxd2 Ke4 43. g5 Kxf5 44. Ke3 h5 0-1

[Event "4NCL"]
[Site "Barcelo Hotel, Hinckley Island"]
[Date "2011.05.01"]
[Round "10.71"]
[White "Russell, Christopher"]
[Black "Churm, Rohan M"]
[Result "1/2-1/2"]
[WhiteElo "2089"]
[BlackElo "2153"]
[PlyCount "67"]
[EventDate "2011.??.??"]
[WhiteTeam "Sambuca Black Sheep"]
[BlackTeam "Cambridge University 2"]

1. e4 e6 2. d4 d5 3. Nc3 Nf6 4. e5 Nfd7 5. Nce2 c5 6. f4 Nc6 7. c3 Qb6 8. Nf3
f6 9. a3 Be7 10. h4 O-O 11. Rh3 a5 12. b3 Qc7 13. Neg1 cxd4 14. cxd4 fxe5 15.
fxe5 Ndxe5 16. dxe5 Nxe5 17. Bb2 Bf6 18. Rc1 Qb6 19. Bd4 Nxf3+ 20. Nxf3 Bxd4
21. Qxd4 Qxd4 22. Nxd4 e5 23. Rd3 exd4 24. Rxd4 Be6 25. Be2 Rac8 26. Rxc8 Rxc8
27. Bf3 Rd8 28. Kd2 Kf7 29. b4 axb4 30. Rxb4 Rd7 31. Kd3 Kf6 32. Kd4 g5 33.
hxg5+ Kxg5 34. Ke5 1/2-1/2

[Event "4NCL"]
[Site "Barcelo Hotel, Hinckley Island"]
[Date "2011.05.01"]
[Round "10.72"]
[White "Shridhar Mitesh"]
[Black "Edgell, Ben P"]
[Result "1-0"]
[WhiteElo "2118"]
[BlackElo "2109"]
[PlyCount "67"]
[EventDate "2011.??.??"]
[WhiteTeam "Cambridge University 2"]
[BlackTeam "Sambuca Black Sheep"]

1. e4 e5 2. Nf3 Nc6 3. d4 exd4 4. Nxd4 Nf6 5. Nxc6 bxc6 6. e5 Qe7 7. Qe2 Nd5 8.
c4 Nb6 9. Nc3 a5 10. Bd2 Ba6 11. b3 a4 12. Qe3 Qe6 13. Bd3 Bb4 14. O-O O-O 15.
Qg3 Rfe8 16. Rae1 Be7 17. f4 f5 18. exf6 Qxf6 19. Ne4 Qh4 20. Qf3 Rf8 21. g3
Qh3 22. Kh1 d5 23. Nf2 Qd7 24. Qh5 h6 25. Qg6 Rf6 26. Qh7+ Kf7 27. Bc3 d4 28.
Bd2 c5 29. Be4 Rf8 30. Nd3 Ke8 31. Nxc5 Qc8 32. Nxa6 Qxa6 33. Qxg7 Kd8 34.
Qxe7+ 1-0